000 00333nam a2200145Ia 4500
008 150201s2003 xx 000 0 und d
082 _a603
_bP2003C
100 _aLAXMI CHAND
245 _aPOCKET DENTAL DICTIONARY
250 _a1ST
260 _bAITBS
_aDELHI
_c2003
300 _a1-553
650 _aDICTIONARIES
942 _2ddc
_cBK
999 _c2718
_d2718